Obscure Marvel Characters by Picture - Statistics

General Stats
  • This quiz has been taken 115 times
  • The average score is 8 of 16
Answer Stats
Picture Answer % Correct
Stingray
72%
Tarantula
70%
Screwball
69%
Jack of Hearts
67%
Lionheart
67%
Diamondback
59%
Doctor Bong
59%
Night Thrasher
57%
Rocket Racer
42%
Miss Thing
36%
Blackout
33%
Griffin
32%
Gravity
31%
Plantman
30%
Silverclaw
29%
Ultragirl
19%
No matching quizzes found
Score Distribution
Percent of People with Each Score
Percentile by Number Answered
Your Score History
You have not taken this quiz